00892nam a2200241 a 4500001001000000003000900010005001700019008004100036040002200077049000600099092000900105111015200114245005800266260007200324300002100396700002900417910000600446942001200452945002700464952009900491956004300590999001700633000015944DO-SdBNP20171024110544.0100222s1997 dr 001 0 spa d aBPMSUbspacBPMSU a  a b 2 aSeminario "Desarrollo industrial en la República Dominicana : en ruta al tercer milenio"d(1997 : febr. 6cSanto Domingo, República Dominicana)10aMemorias del seminario /ceditor William Gutiérrez. aSanto Domingo :bBanco Central de la República Dominicana,c1997. a245 p. ;c23 cm.1 aGutierrez, William,eed. a  2ddccBK aInventariado / 2017 VM 00102ddc40708CDaBPMETbBPMETd2017-02-28e l0pBPMSU17020059r2017-02-28w2017-02-28yBK a VMATEOb 10c 20170228l BPMSUh 0069 c12563d12563